| 000 | 00370nam a22001577a 4500 | ||
|---|---|---|---|
| 005 | 20160625150043.0 | ||
| 008 | 160625b xxu||||| |||| 00| 0 eng d | ||
| 020 | _a81-85392-75-7 | ||
| 041 | _aeng | ||
| 100 |
_aMancher, Melvin _92799 |
||
| 245 | _aBasic News Writing | ||
| 260 |
_bUniversal _c2004 |
||
| 300 | _a443 | ||
| 650 |
_aMass Communication _92660 |
||
| 942 | _cBK | ||
| 999 |
_c4054 _d4053 |
||